[Event "Porto Alegre IRT U2200 1st"]
[Site "Porto Alegre"]
[Date "2016.04.09"]
[Round "3.12"]
[White "Teixeira, Guilherme Vargas"]
[Black "Dillenburg, Alberto Francisco"]
[Result "1-0"]
[WhiteElo "1688"]
[BlackElo "1677"]
[PlyCount "87"]
[EventDate "2016.04.09"]
[EventType "swiss"]
[EventRounds "5"]
[EventCountry "BRA"]
[SourceTitle "EXT 2022"]
[Source "ChessBase"]
[SourceDate "2021.10.06"]
[SourceVersion "1"]
[SourceVersionDate "2021.10.06"]
[SourceQuality "1"]

1. d4 d5 2. c4 e6 3. Nc3 Nf6 4. Bg5 Be7 5. Nf3 0-0 6. e3 b6 7. cxd5 exd5 8. Bd3 c6 9. Qe2 Bg4 10. 0-0 Re8 11. Rfd1 h6 12. Bf4 Bd6 13. Rac1 Nbd7 14. Rd2 Qb8 15. Bg3 Bxg3 16. hxg3 Ne4 17. Rdc2 Ndf6 18. Qf1 Nxg3 19. fxg3 Rxe3 20. Ne5 Rxe5 21. dxe5 Qxe5 22. Qf4 Re8 23. Qxe5 Rxe5 24. Kf2 c5 25. Re1 Rxe1 26. Kxe1 d4 27. Nb5 Nd5 28. Nxa7 Ne3 29. Rc1 Nxg2+ 30. Kf2 Ne3 31. b4 f5 32. bxc5 bxc5 33. Rxc5 Nd1+ 34. Ke1 Ne3 35. a4 Ng2+ 36. Kf2 Ne3 37. a5 g5 38. Nc6 f4 39. gxf4 gxf4 40. a6 f3 41. a7 Nd1+ 42. Kg3 f2 43. a8Q+ Kg7 44. Qb7+ 1-0